Zabriskie Point /

Guardat en:
Dades bibliogràfiques
Autor principal: Antonioni, Michelangelo (realización)
Altres autors: Antonioni, Michelangelo (guión) (guión), Contini, Alfio (fotógrafo) (fotógrafo), Arcalli, Franco (montaje) (montaje), Pink Floyd (música) (música), Garcia, Jerry (música) (música), Frechette, Mark (actuación) (actuación), Halprin, Daria (actuación) (actuación), Fix, Paul (actuación) (actuación)
Format: Diapositiva
Idioma:anglès
Publicat: Los Angeles, EUA : Metro-Goldwyn-Mayer, 1970, c1970
Matèries:
Etiquetes: Afegir etiqueta
Sense etiquetes, Sigues el primer a etiquetar aquest registre!

MARC

LEADER 00000ngm^a2200000^a^4500
001 000357321
005 20250521000000.0
009 20260310115256.19
020 |a 1-4198-7439-X 
037 |a Acervo ITESO - Biblioteca 
041 |a ING 
082 |a 810.  |b ANT 
100 |a Antonioni, Michelangelo  |e (realización) 
245 1 0 |a Zabriskie Point /  |c Realización de M. Antonioni. 
246 2 |a Título en la pantalla: Michelangelo Antonioni's Zabriskie Point 
264 4 |a Los Angeles, EUA :  |b Metro-Goldwyn-Mayer,  |c 1970, c1970 
264 2 |a Los Angeles, EUA :  |b Warner Brothers [distribución],  |c 2009, c2009 
300 |a 1 DVD región 1  |c (114 min.) 
336 |a imagen móvil bidimensional  |b tdi  |2 rdacontenido 
337 |a video  |b v  |2 rdamedio 
338 |a videodisco  |b vd  |2 rdasoporte 
545 0 |a Michelangelo Antonioni (Ferrara, 1912 – Roma, 2007), cineasta italiano, director de una filmografía de gran belleza formal y densidad existencial, que busca expresar las inquietudes y angustias del mundo posterior a la Segunda Guerra Mundial. Inicia su carrera al lado de Roberto Rossellini, el padre del neorrealismo italiano, como uno de los guionistas de Un piloto regresa (1942) y asiste al director francés Marcel Carné en Criaturas de Satanás (1942). Alcanza el pleno reconocimiento internacional con La aventura (1960), La noche (1961, Oso de Oro a la mejor película en el Festival de Berlín) y El eclipse (1962), su llamada trilogía de la "incomunicabilità", término acuñado para describir la actitud de sus personajes burgueses. Incursiona en el cine a color con Desierto rojo (1964, León de Oro a la mejor película en el Festival de Venecia), protagonizada al igual que la trilogía precedente por la actriz Monica Vitti, y en el cine de habla inglesa con Blow Up/Deseo en una mañana de verano (1966, Gran Premio a la mejor película en Cannes). Segundo cineasta –después del francés Henri-Georges Clouzot- galardonado con los máximos premios en los tres principales festivales del mundo (Cannes, Berlín y Venecia), prosigue su filmografía con títulos como El pasajero (1975) e Identificación de una mujer (1982), antes de sufrir un derrame cerebral (1985) que le deja paralizado e incapaz de hablar. Más allá de las nubes (1995), película de carácter episódico basada en varios relatos suyos y para la que contó con la ayuda del alemán Wim Wenders en la realización de varios interludios, es el décimo sexto y último largometraje dirigido por el italiano. Reconocido por su carrera con el León de Oro en el Festival de Venecia (1983), el Premio de la Academia de Cine Europeo (1993) y el Premio Honorario de la Academia Norteamericana de Cine (1995), entre otros galardones otorgados al conjunto de su filmografía. 
546 |a En inglés, con subtítulos opcionales: francés, inglés, japonés 
546 |a Doblaje opcional: francés 
649 |a XX 
650 |a Cineastas Italianos 
650 |a Hippies en el Cine 
650 |a Jóvenes en el Cine 
650 |a Dramas Cinematográficos 
650 |a Cine Experimental -  |z EUA 
650 |a Cine Norteamericano -  |y 1970-1979 
650 |a Cine Norteamericano -  |y Siglo XX 
650 |a Contracultura -  |z EUA -  |x Historia -  |y 1963-1969 -  |x Tema Principal 
650 |a Contracultura -  |z EUA -  |x Historia -  |y Siglo XX 
700 |a Antonioni, Michelangelo  |e (guión) 
700 |a Contini, Alfio  |e (fotógrafo) 
700 |a Arcalli, Franco  |e (montaje) 
700 |a Pink Floyd  |e (música) 
700 |a Garcia, Jerry  |e (música) 
700 |a Frechette, Mark  |e (actuación) 
700 |a Halprin, Daria  |e (actuación) 
700 |a Fix, Paul  |e (actuación) 
910 |a Fondo General 
920 |a Audiovisuales - DVDs 
940 |a Películas 
905 |a 302 
901 |a 0500246807  |b IT2  |c DVS  |i C147302  |u 20250521 
902 |a https://opac.biblio.iteso.mx/vufind/Record/000357321